Statistiques concernant Titres de definitely maybe par oasis

Cliquez ici pour prendre le quiz!

Statistiques générales

  • Ce quiz a été pris 13 fois
  • Le résultat moyen est 7 sur 11

Statistiques - réponses

HintRéponse% Correct
3.Live forever
91%
6.Supersonic
91%
1.Rock 'n' roll star
82%
2.Shakermaker
73%
10.Slide away
73%
11.Married with children
64%
5.Columbia
55%
4.Up in the sky
45%
8.Cigarette & alcohol
36%
7.Bring it on down
27%
9.Digsy's dinner
27%

Distribution des résultats

Percentile par nombre de réponses

% des personnes avec chaque résultat

Votre développement - résultats

Vous n’avez pas pris ce quiz